Macmillan dictionary of international finance /

Saved in:
Bibliographic Details
Main Author: Walmsley, Julian
Format: Book
Language:English
Published: London : Macmillan, 1985.
Edition:2nd ed.
Series:Macmillan reference books
Subjects:
LEADER 01416cam a2200385 a 4500
001 c000271330
003 CARM
005 20070907144544.0
008 850410s1985 enka d 000 0 eng d
015 |a b8518366 
019 1 |a 3800267  |5 LACONCORD2021 
020 |a 0333398343 (pbk.) :  |c £8.95 
020 |a 0333370708 :  |c £27.50 
035 |a (OCoLC)12501454  |5 LACONCORD2021 
040 |a BNB  |b eng  |c BNB  |d XNTU 
050 0 0 |a HG151 
050 4 |a HG151  |b .W2 
082 0 4 |a 332/.03/21  |2 19 
082 0 4 |a 332/.042/0321  |2 19 
100 1 |a Walmsley, Julian. 
245 1 0 |a Macmillan dictionary of international finance /  |c Julian Walmsley. 
250 |a 2nd ed. 
260 |a London :  |b Macmillan,  |c 1985. 
300 |a 222 p. :  |b ill. ;  |c 24 cm. 
490 0 |a Macmillan reference books 
500 |a Finance. - Encyclopaedias (BNB/PRECIS) 
500 |a Previous ed.: published as A dictionary of international finance. 1979. 
504 |a Includes bibliographies. 
650 0 |a Finance  |x Dictionaries. 
650 0 |a International finance  |x Dictionaries. 
700 1 |a Walmsley, Julian.  |t Dictionary of international finance. 
740 0 |a Dictionary of international finance. 
852 8 |b CARM  |h A1:AN25B0  |i B08825  |p 0390421  |f BK 
999 f f |i 8517d923-7c67-59f3-b375-edf64cff3810  |s 8cb10e28-548b-555b-b5f8-fad6d1be92f6 
952 f f |p Can circulate  |a CAVAL  |b CAVAL  |c CAVAL  |d CARM 1 Store  |e B08825  |f A1:AN25B0  |h Other scheme  |i book  |m 0390421